Aktuálne problémy poisťovníctva SR v procese liberalizácie trhu
Stručná informácia o medzinárodnej vedeckej konferencii, konanej dňa 13. 10. 2005 na Katedre poisťovníctva Národohospodárskej fakulty EU v Bratislave. Cieľ konferencie - prezentácia výsledkov z oblasti výskumu a praxe poistného trhu. Prednášajúci a ich príspevky.
Saved in:
| Main Author: | |
|---|---|
| Format: | Book Chapter |
| Language: | Slovak |
| Subjects: | |
| Tags: |
No Tags, Be the first to tag this record!
|
MARC
| LEADER | 00000naa$a2200000$$$4500 | ||
|---|---|---|---|
| 001 | 0035682 | ||
| 005 | 20240502071448.4 | ||
| 041 | 0 | |a slo | |
| 044 | |a SK | ||
| 245 | 1 | 0 | |a Aktuálne problémy poisťovníctva SR v procese liberalizácie trhu |c Barbora Drugdová |
| 520 | |a Stručná informácia o medzinárodnej vedeckej konferencii, konanej dňa 13. 10. 2005 na Katedre poisťovníctva Národohospodárskej fakulty EU v Bratislave. Cieľ konferencie - prezentácia výsledkov z oblasti výskumu a praxe poistného trhu. Prednášajúci a ich príspevky. | ||
| 610 | 2 | 0 | |a poisťovníctvo |
| 610 | 2 | 0 | |a Slovensko |
| 610 | 2 | 0 | |a trh poistný |
| 610 | 2 | 0 | |a liberalizácia |
| 610 | 2 | 0 | |a konferencie |
| 100 | 1 | |a Drugdová, Barbora | |